书目信息 |
| 题名: |
彩色电视
|
|
| 作者: | 张家谋 , 白美松 著 | |
| 分册: | ||
| 出版信息: | 北京 北京人民出版社 1975 |
|
| 页数: | 57页 | |
| 开本: | 19cm | |
| 丛书名: | 自然科学小丛书 | |
| 单 册: | ||
| 中图分类: | TN949.12 | |
| 科图分类: | ||
| 主题词: | 彩色电视 | |
| 电子资源: | ||
| ISBN: | 13071.29 | |
| 000 | 00710oam2 2200265 450 | |
| 001 | 0175002515 | |
| 005 | 20100712215027.0 | |
| 010 | @a13071.29@dCNY0.17 | |
| 091 | @a13071.29 | |
| 100 | @a19951014d1975 em y0chiy0110 ea | |
| 101 | 0 | @achi |
| 102 | @aCN@b110000 | |
| 105 | @ay z 000yy | |
| 106 | @ar | |
| 200 | 1 | @a彩色电视@9Cai Se;Shai Dian Shi @f张家谋,白美松著 |
| 210 | @a北京@c北京人民出版社@d1975 | |
| 215 | @a57页@d19cm | |
| 225 | 2 | @a自然科学小丛书 |
| 461 | 0 | @12001 @a自然科学小丛书 |
| 606 | 0 | @a彩色电视 |
| 690 | @aTN949.12@v3 | |
| 701 | 0 | @a张家谋@9zhang jia mou@4著 |
| 701 | 0 | @a白美松@9bai mei song@4著 |
| 801 | 0 | @aCN@bAzMarc@c20130904 |
| 905 | @aBZT@dTN949.1@e19@f4@sTN949.1/19 | |
| 彩色电视/张家谋,白美松著.-北京:北京人民出版社,1975 |
| 57页;19cm.-(自然科学小丛书) |
| ISBN 13071.29:CNY0.17 |
| ● |
| 相关链接 |
|
|
|
正题名:彩色电视
索取号:TN949.1/19
 
预约/预借
| 序号 | 登录号 | 条形码 | 馆藏地/架位号 | 状态 | 备注 |
| 1 | 2000082211 | 2000082211 | 旧书回溯/ [索取号:TN949.1/19] | 在馆 | |
| 2 | 2000082212 | 2000082212 | 旧书回溯/ [索取号:TN949.1/19] | 在馆 | |
| 3 | 2000090171 | 2000090171 | 旧书回溯/ [索取号:TN949.1/19] | 在馆 | |
| 4 | 2000090172 | 2000090172 | 旧书回溯/ [索取号:TN949.1/19] | 在馆 |